000 00663 a2200181 4500
003 Nust
005 20220722113442.0
020 _a8127223212
040 _cNust
082 _a004,SIN
100 _aSingh, Gurvinder
_994532
245 _aA textbook of windows based computer courses /
_cGurvinder Singh and Rachhpal Singh
260 _aDelhi
_bKalyani
_c2005
300 _a672 p.
505 _aComputer Fundamentals and Internet (Page-1), MS-DOS (Page-161), MS-Windows (Page-215), MS Office (Page-327), MS-WORD (Page-333), MS- Powerpoint (Page-473),MS-Excel (Page-539), Ms-Access (Page-621).
650 _aComputer Courses
_994533
942 _2ddc
_cBK
_k004,SIN
999 _c176572
_d176572